Historia e Incertidumbre (Record no. 68)

MARC details
000 -LEADER
campo de control de longitud fija 01002 a2200169 4500
020 ## - NÚMERO INTERNACIONAL ESTÁNDAR DEL LIBRO
Número Internacional Estándar del Libro 9968936596
082 ## - NÚMERO DE LA CLASIFICACIÓN DECIMAL DEWEY
Número de clasificación 972.860.52
Número de ítem A184h
100 ## - ENTRADA PRINCIPAL--NOMBRE DE PERSONA
Nombre de persona Acuą Ortega, Victor Hugo
9 (RLIN) 339
245 ## - MENCIÓN DEL TÍTULO
Título Historia e Incertidumbre
250 ## - MENCION DE EDICION
Mención de edición 1 edicion
260 ## - PUBLICACIÓN, DISTRIBUCIÓN, ETC.
Lugar de publicación, distribución, etc. San Jose, Costa Rica
Nombre del editor, distribuidor, etc. Editorial UCR
Fecha de publicación, distribución, etc. 2007
300 ## - DESCRIPCIÓN FÍSICA
Extensión 102 p.
Otras características físicas ill (a color)
Dimensiones 21 cm
440 ## - MENCIÓN DE SERIE/PUNTO DE ACCESO ADICIONAL--TÍTULO
Título Serie Cuadernos de Historia de la Cultura
Designación de volumen o secuencia 22
9 (RLIN) 340
505 ## - NOTA DE CONTENIDO CON FORMATO
Título Presentacion
-- Historia e Incertidumbre Introduccion
-- I. Estudiar Historia
-- II. Sudando con Clio
-- III. Los desafo̕s de la historia en Centroamřica
-- IV. Historia y ciudadania
-- V. Historia e incertidumbre
-- VI. Memoria, olvido, impunidad y secularizacion politica
-- VII. Retos y perspectivas del nuevo milenio
-- VIII. El lugar de la identidad y la identidad en su lugar
-- IX. Elogio del inmigrante
-- Bibliografia
-- Acerca del autor
650 ## - PUNTO DE ACCESO ADICIONAL DE MATERIA--TÉRMINO DE MATERIA
Término de materia o nombre geográfico como elemento de entrada Historia
Subdivisión general siglo XX-XXI
-- identidad cultural
-- alienacion
-- poder
-- Victor Hugo Acuą Ortega
Subdivisión geográfica Costa rica
9 (RLIN) 341
700 ## - ENTRADA AGREGADA--NOMBRE PERSONAL
Nombre de persona Victor Hugo Acuą Ortega
9 (RLIN) 342
Holdings
Estatus retirado Estado de pérdida Fuente del sistema de clasificación o colocación Estado de daño No para préstamo Biblioteca de origen Biblioteca actual Fecha de adquisición Total de préstamos Signatura topográfica completa Código de barras Visto por última vez Precio de reemplazo Tipo de ítem Koha
    Clasificación Decimal Dewey     Biblioteca LadoV Biblioteca LadoV 09/04/2014   972.860.52 A184h 000007 09/04/2014 09/04/2014 Material 01